| 000 | 01042nam2a2200265 4500 | ||
|---|---|---|---|
| 001 | RU\NLR\bibl\1018257 | ||
| 005 | 20250614233613.0 | ||
| 010 |
_a5-90296-51-X _9100 |
||
| 021 |
_aRU _b2006-68832 _93461 |
||
| 035 | _a(NLR Aleph) 001005809 | ||
| 090 |
_a607338 _c607338 |
||
| 100 | _a20061207d2006 |||y0rusy50 ca | ||
| 101 | 0 | _arus | |
| 102 | _aRU | ||
| 105 | _ay ||||||||| | ||
| 200 | 0 | _aЧ. 1 | |
| 210 |
_d2006 _aБ. м. |
||
| 215 | _a188, [1] с. | ||
| 320 | _aБиблиогр. в конце тем | ||
| 461 | 0 |
_1001RU\NLR\bibl\1028054 _12001#$aТеория и методика преподавания русского языка$vЧ. 1 _9665695 _aТекучева, И. В. _cМосква _d2006 _fИ. Текучева _nМГПИ _oпрактические занятия : (методические рекомендации) _tТеория и методика преподавания русского языка _vЧ. 1 |
|
| 801 | 0 |
_aRU _bNLR _c20061207 _grcr |
|
| 801 | 1 |
_aRU _bNLR _c20061207 |
|
| 942 | _cBOOK | ||
| 980 | _aNB | ||